000 00875nam a22002057a 4500
999 _c58948
_d58948
003 Ge_BSU
005 20221021164618.0
008 221021s1998 ge ||||| |||| 00| 0 geo d
020 _a9992856610
_c
041 _ageo
080 _a316(075.8) კ-65
100 _aკოდუა, ედუარდ
_9985
245 _aსოციოლოგია. ნაკვ. 1 /
_cედუარდ კოდუა ; რედაქტორი ნ. ბერძენიშვილი.
264 _aთბილისი :
_bთბილ. უნ-ტის გამ-ბა,
_c1998.
300 _a228 გვ. ;
_b20 სმ.
504 _aბიბლიოგრაფია: გვ. 220-226.
653 _aსაზოგადოების თეორია
700 _aბერძენიშვილი, ნ.
_eრედაქტორი
_915457
942 _2udc
_cBK